01859cam a2200337 a 4500999001700000001000900017003000900026005001700035008004100052020001800093040003800111082002400149100003700173245017200210264005200382264001000434300004800444336002600492337002800518338002700546500002500573504005100598520051100649650004301160650003601203653002401239655001701263700003801280942002801318952017501346 c19341d1931317899258EG-ScBUE20200209122048.0130926t2014 caua f b 001 0 eng d a9781452274157 aDLCbengerdacDLCdDLCdEG-ScBUE04a808.066378bJAM2221 aJames, E. Alana,eauthor.93800710aWriting your doctoral dissertation or thesis faster :ba proven map to success /cE. Alana James, doctoralnet.com, Walden University, Tracesea Slater, doctoralnet.com. 1aLos Angeles :bSAGE Publications, Inc.,c[2014] 4cc2014 axxviii, 264 pages :billustrations ;c24 cm 2rdacontentatextbtxt 2rdamediaaunmediatedbn 2rdacarrieravolumebnc aIncludes appendices. aIncludes bibliographical references and index. a"A doctoral dissertation is arguably the most important journey that students will embark upon in their professional careers, so smart travelers will want E. Alana James and Tracesea H. Slater's Writing Your Doctoral Dissertation or Thesis Faster: A Proven Map to Success at their fingertips. James and Slater identify the key places and challenges that create extra stress during the dissertation process, and offer effective strategies and tools to address those challenges and ensure academic success. " 7aDissertations, Academic.2BUEsh938008 7aAcademic writing.2BUEsh938009 bNNURbGGENcMay2015 vReading book1 aSlater, Tracesea,eauthor.938010 2ddck808.066378 JAMcBB 00102ddc40708AlahramaMAINbMAINc2NDd2015-05-13epurchaseg324.00h321l1m2o808.0663780973 JAMp000038194r2025-07-15 00:00:00s2017-04-12v405.00w2015-05-13yBB